000 00653nam a2200205Ia 4500
008 230125s9999 xx 000 0 und d
020 _a978-93-80658-18-6
041 _aeng
082 _a823
_bCAN/HAN
100 _aCanfield J
245 _aChicken Soup for the Soul Teacher Tales
260 _c2011
_bWestland Publications
_aMumbai
300 _a371p
440 _aChicken Soup for the Soul Series Book
500 _aEnglish Literature;Literature;Series Book;Chicken Soup for the Soul Series Book
650 _aEnglish Literature
700 _aCanfield J; Hansen M V & Newmark A
_9108369
906 _b74
999 _c85204
_d85204